Ethnic groups of Romania according to the 1930 census - Statistics

General Stats
  • This quiz has been taken 2,656 times
  • The average score is 11 of 18
Answer Stats
Ethnic group
(grup etnic)
Population
(populație)
Percentage
(procent)
% Correct
Romanians(români) 12.981.324 71,9%
99%
Bulgarians(bulgari) 366.384 2,0%
88%
Turks (turci) 154.772 0,9%
85%
Serbs, Croats and Slovenes (sârbi, croați și sloveni) 51.062 0,3%
83%
Hungarians (maghiari) 1.425.507 7,9%
80%
Germans (germani) 745.421 4,1%
76%
Russians(ruși) 409.150 2,3%
76%
Poles (polonezi) 48.310 0,3%
74%
Ruthenians/Ukrainians(ruteni/ucraineni) 582.115 3,2%
68%
Greeks (greci) 26.495 0,1%
66%
Czechs and Slovaks (cehi și slovaci) 51.842 0,3%
61%
Jews (evrei) 728.115 4,0%
59%
Gypsies/Romas(țigani/romi) 262.501 1,5%
55%
Albanians (albanezi) 4.670 <0,1%
53%
Armenians (armeni) 15.544 <0,1%
40%
Tatars (tătari) 22.141 0,1%
38%
Gagauzes(găgăuzi) 105.750 0,6%
17%
Hutsuls (huțuli) 12.456 <0,1%
3%
No matching quizzes found
Score Distribution
Percent of People with Each Score
Percentile by Number Answered
Your Score History
You have not taken this quiz